000 00986nam a2200289 i 4500
003 EG-GICUC
005 20260428172537.0
008 260428s1888 fr |||fr|||| 00| 0 fre d
040 _aEG-GiCUC
_bfre
_cEG-GiCUC
_dEG-GiCUC
_eRda
082 0 4 _221
_a343.101044
_bGA . T
092 0 4 _221
099 _aLaw1 10 343.101044 GA . T 1888
100 1 _aGarraud, R
_eAuteur
245 1 0 _aTraité Theoriole Et Pratique Drole Penal Françaistraité.
_nTome Deuxieme /
_cPar R. Garraud.
264 1 _aParis :
_bL. Larose Et Forcel,
_c1888.
264 3 _bImprimie Contant-laguerre
300 _a592 page;
_c 24 cm.
336 _2rda contenu
_a texte
337 _2rda medias
_aOrdinateur
338 _2 transporteur rda
_a Ressource en ligne
650 1 _aDroit Pénal Général
_xPhilosoPhie et Theories
_yFrance
_2qrmak
650 1 _aDroit De Pénal
_2qrmak
651 1 _2qrmak
856 4 0 _uhttps://fll.law.cu.edu.eg/fulltext/bks/B10-10291.pdf
905 _a54
942 _2ddc
_cBK
_e21
_n0
999 _c73937
_d73937